| 000 | 00661nam a2200205 a 4500 | ||
|---|---|---|---|
| 005 | 20240924070429.0 | ||
| 008 | 991125 19791991mx 000 0 spa u | ||
| 020 | _a9684350112 | ||
| 035 | _aUPN01000036287 | ||
| 049 | _aCG | ||
| 050 | 4 |
_aQM27 _bM5.38 1979 |
|
| 100 | 1 | _aMiller, Marjorie A. | |
| 245 | 1 | 0 |
_aManual de anatomía y fisiología : _bKimber-Gray-Stackpole / _cMarjorie A. Miller, Lutie C. Leavell ; tr. Nora Cavazos Ortega. |
| 260 |
_aMéxico : _bLa Prensa Médica Mexicana, _c1979 (1991 impr.). |
||
| 300 | _a842 p. | ||
| 650 | 2 |
_aAnatomía humana _9582 |
|
| 650 | 4 |
_aFisiología _920836 |
|
| 700 | 1 |
_aLeavell, Lutie C., _ecoaut. |
|
| 905 | _aLibro | ||
| 999 |
_c36287 _d36287 |
||